Southville International School and Colleges
Your cart is empty.
  • Cart
  • Lists
    Public lists Eva Luna New books Lux_list list_1
    Your lists Log in to create your own lists
  • Log in to your account
  • Your cookies
  • Search history
Southville International School and Colleges
  • Advanced search
  • Recent comments
  • Most popular
  • Libraries

Log in to your account

Log in with GOOGLE


If you do not have an external account, but do have a local account, you can still log in:

  1. Home
  2. MARC view: On becoming a leader
Normal view MARC view ISBD view

On becoming a leader (Record no. 15064)

[ view plain ]
MARC details
000 -LEADER
fixed length control field 01306cam a2200361 a 4500
001 - CONTROL NUMBER
control field 13051620
003 - CONTROL NUMBER IDENTIFIER
control field OSt
005 - DATE AND TIME OF LATEST TRANSACTION
control field 20140310182647.0
008 - FIXED-LENGTH DATA ELEMENTS--GENERAL INFORMATION
fixed length control field 030108s2003 mau b 001 0 eng
010 ## - LIBRARY OF CONGRESS CONTROL NUMBER
LC control number 2003100205
020 ## - INTERNATIONAL STANDARD BOOK NUMBER
International Standard Book Number 0738208175
040 ## - CATALOGING SOURCE
Original cataloging agency DLC
Transcribing agency DLC
Modifying agency DLC
050 00 - LIBRARY OF CONGRESS CALL NUMBER
Classification number BF 637
Item number .B472 1989
082 00 - DEWEY DECIMAL CLASSIFICATION NUMBER
Classification number M 158.4
Item number B43 1989
100 1# - MAIN ENTRY--PERSONAL NAME
Personal name Bennis, Warren G.
245 10 - TITLE STATEMENT
Title On becoming a leader
Statement of responsibility, etc Bennis, Warren
250 ## - EDITION STATEMENT
Edition statement [Rev. ed.]
260 ## - PUBLICATION, DISTRIBUTION, ETC. (IMPRINT)
Place of publication, distribution, etc Cambridge, MA
Name of publisher, distributor, etc Perseus Pub.
Date of publication, distribution, etc c1989
300 ## - PHYSICAL DESCRIPTION
Extent 218 p.
Dimensions 22 cm.
500 ## - GENERAL NOTE
General note "Updated and expanded, with a new introduction"--Cover.
504 ## - BIBLIOGRAPHY, ETC. NOTE
Bibliography, etc Includes bibliographical references (p. 209-212) and index.
521 ## - TARGET AUDIENCE NOTE
Target audience note
526 ## - STUDY PROGRAM INFORMATION NOTE
Reading level 0L to 1700L
541 ## - IMMEDIATE SOURCE OF ACQUISITION NOTE
-- 1
562 ## - COPY AND VERSION IDENTIFICATION NOTE
Number of copies 1
650 #0 - SUBJECT ADDED ENTRY--TOPICAL TERM
Topical term or geographic name as entry element Leadership.
650 #0 - SUBJECT ADDED ENTRY--TOPICAL TERM
Topical term or geographic name as entry element Leadership
Form subdivision Case studies.
856 42 - ELECTRONIC LOCATION AND ACCESS
Materials specified Contributor biographical information
Uniform Resource Identifier <a href="http://www.loc.gov/catdir/enhancements/fy0830/2003100205-b.html">http://www.loc.gov/catdir/enhancements/fy0830/2003100205-b.html</a>
856 42 - ELECTRONIC LOCATION AND ACCESS
Materials specified Publisher description
Uniform Resource Identifier <a href="http://www.loc.gov/catdir/enhancements/fy0830/2003100205-d.html">http://www.loc.gov/catdir/enhancements/fy0830/2003100205-d.html</a>
906 ## - LOCAL DATA ELEMENT F, LDF (RLIN)
a 7
b cbc
c orignew
d 2
e epcn
f 20
g y-gencatlg
942 ## - ADDED ENTRY ELEMENTS (KOHA)
Source of classification or shelving scheme Library of Congress Classification
Koha item type Books
Call number prefix
Holdings
Withdrawn status Lost status Source of classification or shelving scheme Damaged status Home library Current library Shelving location Date acquired Source of acquisition Total Checkouts Full call number Barcode Date last seen Copy number Price effective from Koha item type
    Library of Congress Classification   Archives Archives   04/18/2012 Donation   BF 637 .B472 1989 C2078 05/15/2018 1 04/18/2012 Books

On becoming a leader

APA

Bennis W. G., . (1989). On becoming a leader. Cambridge, MA: Perseus Pub.

Chicago

Bennis Warren G, . 1989. On becoming a leader. Cambridge, MA: Perseus Pub.

Harvard

Bennis W. G., . (1989). On becoming a leader. Cambridge, MA: Perseus Pub.

MLA

Bennis Warren G, . On becoming a leader. Cambridge, MA: Perseus Pub. 1989.

  • Place hold
  • Print
  • Cite
  • Add to your cart (remove)
  • Save record
    BIBTEX Dublin Core MARCXML MARC (non-Unicode/MARC-8) MARC (Unicode/UTF-8) MARC (Unicode/UTF-8, Standard) MODS (XML) RIS
  • More searches
    Search for this title in:
    Other Libraries (WorldCat) Other Databases (Google Scholar) Online Stores (Bookfinder.com) Open Library (openlibrary.org)

Exporting to Dublin Core...

SOUTHVILLE LIBRARY

Southville International School and Colleges Library

1281 Tropical Ave. Cor. Luxembourg St., BF Homes International, Las Pinas City

Tel. No. 8256374 / 252358 Loc. 117/146

Powered by Koha